Marketing a jeho úloha v trhovom hospodárstve
Na minha lista:
| Autor principal: | |
|---|---|
| Formato: | Livro |
| Idioma: | eslovaco |
| Publicado em: |
Nitra
Inštitút výchovy a vzdelávania MPVŽ SR
1991
|
| Edição: | 1. vyd. |
| Colecção: | Manažérska čítanka
5 |
| Assuntos: | |
| Tags: |
Sem tags, seja o primeiro a adicionar uma tag!
|
MARC
| LEADER | 00000nam a2200000 4500 | ||
|---|---|---|---|
| 001 | c000957 | ||
| 005 | 20221214094130.4 | ||
| 020 | |a 80-7139-005-4 | ||
| 041 | 0 | |a slo | |
| 044 | |a SK | ||
| 245 | 1 | 0 | |a Marketing a jeho úloha v trhovom hospodárstve |c Antonín Mynař |
| 250 | |a 1. vyd. | ||
| 264 | 1 | |a Nitra |b Inštitút výchovy a vzdelávania MPVŽ SR |c 1991 | |
| 300 | |a 119 s. | ||
| 490 | 1 | |a Manažérska čítanka |v 5 | |
| 830 | 0 | |a Manažérska čítanka |v 5 | |
| 610 | 2 | 0 | |a marketing |
| 610 | 2 | 0 | |a hospodárstvo trhové |
| 610 | 2 | 0 | |a podnik |
| 610 | 2 | 0 | |a spotreba |
| 610 | 2 | 0 | |a spotrebitelia |
| 610 | 2 | 0 | |a útvary podnikové |
| 610 | 2 | 0 | |a podnik veľký |
| 610 | 2 | 0 | |a prieskum trhu |
| 610 | 2 | 0 | |a predaj |
| 610 | 2 | 0 | |a výskum podnikový |
| 610 | 2 | 0 | |a vývoj výrobku |
| 610 | 2 | 0 | |a práca s verejnosťou |
| 610 | 2 | 0 | |a psychológia trhu |
| 610 | 2 | 0 | |a propagácia |
| 610 | 2 | 0 | |a reklama |
| 610 | 2 | 0 | |a distribúcia |
| 610 | 2 | 0 | |a predajne |
| 610 | 2 | 0 | |a poľnohospodárstvo |
| 610 | 2 | 0 | |a príručky |
| 100 | 1 | |a Mynař, Antonín | |